| 000 | 00000nam 2200000za 4500 |
| 001 | 9.643816 |
| 003 | CaOODSP |
| 005 | 20240624082230 |
| 007 | cr ||||||||||| |
| 008 | 150407|1968||||xxc|||||o f|0| 0 fre d |
| 040 | |aCaOODSP|bfre |
| 043 | |an-cn--- |
| 086 | 1 |aZ1-1963/1-5/2F-PDF |
| 245 | 00|aRapport de la Commission royale d'enquête sur le bilinguisme et le biculturalisme. Livre II |h[ressource électronique] : |bL'éducation / |cAndré Laurendeau et A. Davidson Dunton, présidents conjoint. |
| 246 | 1 |iTitre de renvoi : |aLe bilinguisme et le biculturalisme : l'éducation |
| 260 | |aOttawa : |bBureau du Conseil privé, |c1968. |
| 300 | |a137, 170, 63 p. |
| 500 | |aPublication historique numérisée en 2008 par le Bureau du Conseil privé du Canada. |
| 590 | |a15-04-Supp|b2015-03-19 |
| 691 | 07|aEnseignement des langues|2gcpds |
| 691 | 07|aLangue officielle|2gcpds |
| 691 | 07|aBilinguisme|2gcpds |
| 691 | 07|aCommission d'enquête|2gcpds |
| 710 | 1 |aCanada. |bBureau du Conseil privé. |
| 775 | 08|tReport of the Royal Commission on Bilingualism and Biculturalism. Book II : |w(CaOODSP)9.699862 |
| 856 | 40|ahttp://publications.gc.ca|qPDF|s9.14 Mo|uhttps://publications.gc.ca/collections/collection_2014/bcp-pco/Z1-1963-1-5-2-2-fra.pdf |
| 856 | 40|ahttp://publications.gc.ca|qPDF|s7.64 Mo|uhttps://publications.gc.ca/collections/collection_2014/bcp-pco/Z1-1963-1-5-2-1-fra.pdf |
| 856 | 40|ahttp://publications.gc.ca|qPDF|s3.38 Mo|uhttps://publications.gc.ca/collections/collection_2014/bcp-pco/Z1-1963-1-5-2-3-fra.pdf |